书目信息 |
| 题名: |
简明英汉成语词典
|
|
| 作者: | ||
| 分册: | ||
| 出版信息: | 香港 商务印书馆香港分馆 1969.01 |
|
| 页数: | 394页 | |
| 开本: | 21cm | |
| 丛书名: | ||
| 单 册: | ||
| 中图分类: | H313.3 | |
| 科图分类: | ||
| 主题词: | 英语--成语 | |
| 电子资源: | ||
| ISBN: | ||
| 000 | 00501nam0 2200193 45 | |
| 001 | 0504191078 | |
| 005 | 20050419152507.4 | |
| 010 | @b精装@dCNY5.40 | |
| 100 | @a20050419d1969 km y0chiy0120 ea | |
| 101 | 0 | @achi |
| 105 | @a z 000yy | |
| 200 | 1 | @a简明英汉成语词典@AJian Ming Ying Han Cheng Yu Ci Dian |
| 205 | @a修订版 | |
| 210 | @a香港@c商务印书馆香港分馆@d1969.01 | |
| 215 | @a394页@d21cm | |
| 606 | 0 | @a英语@x成语 |
| 690 | @aH313.3@v3 | |
| 801 | @aCN@bPftUser@c20050419 | |
| 905 | @dH313.3@e111 | |
| 简明英汉成语词典.-修订版.-香港:商务印书馆香港分馆,1969.01 |
| 394页;21cm |
| ISBN (精装):CNY5.40 |
| ● |
| 相关链接 |
|
|
|
|
正题名:简明英汉成语词典
索取号:H313.3/111
 
预约/预借
| 序号 | 登录号 | 条形码 | 馆藏地/架位号 | 状态 | 备注 |
| 1 | 0049683 | 001384601 | 工具书阅览室/ [索取号:H313.3/111] | 在馆 | |
| 2 | 0201934 | 001384558 | 第二样本阅览室/ [索取号:H313.3/111] | 在馆 |